| 000 | 00859nam a22002177a 4500 | ||
|---|---|---|---|
| 005 | 20240530110601.0 | ||
| 008 | 160919s2014 ua f b 00| 1 ara d | ||
| 017 |
_a2014/16446 _bمصر . دار الكتب المصرية |
||
| 020 | _a9789774489730 | ||
| 040 | _aEG-CaGPL | ||
| 082 | 0 | 4 |
_221 _a810.9\ _bع ا |
| 100 | 0 | _aعلى بختى | |
| 245 | 1 | 2 |
_aالاراء النقدية عند الرافعى : _bبين النظرية و التطبيق / _cتاليف على بختى |
| 260 |
_aالقاهرة : _bالهيئة المصرية العامة للكتاب ، _c2014 . |
||
| 300 |
_a231 ص. ؛ _c24 سم . |
||
| 504 | _aيشتمل على ارجاعات ببليوجرافية | ||
| 600 | 0 | 4 | _aمصطفى صادق الرافعى |
| 650 | 0 | 4 |
_aالادب العربى _xتاريخ و نقد |
| 650 | 0 | 4 | _aالرسائل العربية |
| 942 |
_2ddc _cBK |
||
| 999 |
_c62677 _d62677 |
||